Resolución de controversias en el Tratado de Libre Comercio : un punto de vista comparativo con otros sistemas de integración /

Contiene: Sistema normativo del Tratado de Libre Comercio de América del Norte; Los sistemas económicos de integración regional: GATT-OMC; El arbitraje comercial internacional; Sistema de resolución de controversias mediante el mecanismo de paneles; Casuística de resolución de controversias en el TL...

詳細記述

保存先:
書誌詳細
第一著者: Arranz Lara, Nuria Catalina (autor)
フォーマット: 図書
言語:スペイン語
出版事項: México : Congreso de la Unión, Cámara de Senadores, LVIII Legislatura, 2002, c2002
主題:
タグ: タグ追加
タグなし, このレコードへの初めてのタグを付けませんか!

MARC

LEADER 00000nam^a2200000^a^4500
001 000184467
005 20250521000000.0
009 20260310102116.044
037 |a Acervo ITESO - Biblioteca 
041 |a ESP 
082 |a 346. 720772  |b ARR 
100 |a Arranz Lara, Nuria Catalina  |e (autor) 
245 1 0 |a Resolución de controversias en el Tratado de Libre Comercio :  |b un punto de vista comparativo con otros sistemas de integración /  |c C. Arranz Lara. 
264 4 |a México :  |b Congreso de la Unión, Cámara de Senadores, LVIII Legislatura,  |c 2002, c2002 
300 |a 186 p. 
336 |a texto  |b txt  |2 rdacontenido 
337 |a sin mediación  |b n  |2 rdamedio 
338 |a volumen  |b nc  |2 rdasoporte 
520 |a Contiene: Sistema normativo del Tratado de Libre Comercio de América del Norte; Los sistemas económicos de integración regional: GATT-OMC; El arbitraje comercial internacional; Sistema de resolución de controversias mediante el mecanismo de paneles; Casuística de resolución de controversias en el TLCAN; La resolución de conflictos en la Unión Europea. 
649 |a XX 
650 |a Arbitraje Internacional -  |z América del Norte 
650 |a Tratado de Libre Comercio -  |z México-EUA-Canadá -  |x Aspectos Jurídicos 
650 |a Tratados Internacionales -  |z América del Norte 
650 |a Tratados Internacionales -  |z Unión Europea 
650 |a Tratados Comerciales -  |z Unión Europea 
650 |a GATT -  |x Aspectos Jurídicos 
650 |a Organización Mundial de Comercio -  |x Aspectos Jurídicos 
650 |a Comercio Exterior -  |z América del Norte -  |x Aspectos Jurídicos 
650 |a Comercio Internacional -  |z México-EUA -  |x Aspectos Jurídicos 
650 |a Comercio Internacional -  |z México-Canadá -  |x Aspectos Jurídicos 
650 |a Economía -  |z América del Norte -  |x Aspectos Jurídicos 
650 |a Política Económica -  |z América del Norte 
650 |a Derecho Mercantil -  |z América del Norte 
650 |a Derecho Internacional Privado -  |z América del Norte 
650 |a Desarrollo Regional -  |z América del Norte 
650 |a Apertura Comercial e Integración Económica -  |z América del Norte 
650 |a Comercio Internacional 
650 |a Comercio 
650 |a Economía 
910 |a Fondo General 
920 |a Impresos - Libros 
930 |a Colección General 
905 |a 101 
901 |a 0500125260  |b IT1  |c ACC  |u 20250521 
902 |a https://opac.biblio.iteso.mx/vufind/Record/000184467